000
002270000a22000970004500
100
1
_a
Ranney, Stephen L.
245
1
0
_a
Home based foods for children
300
_a
Núm 8 (1985), Páginas 34-36
773
0
_t
Together
942
_c
ANA
999
_c
56983
_d
56983